Die psychologie der triebe historisch-kritisch betrachtet. (Record no. 23812)

MARC details
000 -LEADER
fixed length control field 00649cam a22002411 4500
001 - CONTROL NUMBER
control field g 01001687
003 - CONTROL NUMBER IDENTIFIER
control field DLC
005 - DATE AND TIME OF LATEST TRANSACTION
control field 20260227111255.0
008 - FIXED-LENGTH DATA ELEMENTS--GENERAL INFORMATION
fixed length control field 810417s1900 gw b 000 0 ger
010 ## - LIBRARY OF CONGRESS CONTROL NUMBER
LC control number g 01001687
035 ## - SYSTEM CONTROL NUMBER
System control number (OCoLC)7346841
040 ## - CATALOGING SOURCE
Original cataloging agency DLC
Transcribing agency NNU
Modifying agency DLC
042 ## - AUTHENTICATION CODE
Authentication code premarc
050 00 - LIBRARY OF CONGRESS CALL NUMBER
Classification number BF685
Item number .S4
100 1# - MAIN ENTRY--PERSONAL NAME
Personal name Scott, Walter Dill,
Dates associated with a name 1869-1955.
245 04 - TITLE STATEMENT
Title Die psychologie der triebe historisch-kritisch betrachtet.
260 ## - PUBLICATION, DISTRIBUTION, ETC.
Place of publication, distribution, etc. Leipzig,
Date of publication, distribution, etc. 1900.
300 ## - PHYSICAL DESCRIPTION
Extent 52 p., 2 leaves
Dimensions 22 cm.
502 ## - DISSERTATION NOTE
Dissertation note Inaug.--diss.--Leipzig.
500 ## - GENERAL NOTE
General note Vita.
504 ## - BIBLIOGRAPHY, ETC. NOTE
Bibliography, etc. note "Litteraturverzeichnis": 1 leaf
650 #0 - SUBJECT ADDED ENTRY--TOPICAL TERM
Topical term or geographic name entry element Impulse.

No items available.

Powered by Koha